000
00257nam a22001217a 4500
008
171030b xxu||||| |||| 00| 0 eng d
041
_a
alb
080
_a
336
100
_a
56
101
_a
FIN
245
_a
DREJTIM FINANCIAR 2
_c
CICERI,B
942
_2
udc
_c
BK
999
_c
36354
_d
36354